8 mots dans mots : nan (mort subite) - Statistiques

Statistiques générales
  • Ce quiz a été pris 15 fois
  • Le résultat moyen est 6 sur 8
Answers on the Grid
Answers color-coded by a green-red scale on the quiz's grid according to % correct below.
i---telligiblement
fi---ciarisation
créati---e
déconte---cer
pé---sulaire
impression---te
camping-carava---g
désapprovision---t
i---terrompu
tourbillon---te
autofi---cer
i---flammabilité
remue-mé---ges
télémainte---ce
cardio-trai---g
réordon---cer
 
Statistiques - réponses
Réponse % Correct
tourbillon---te
100%
impression---te
92%
autofi---cer
83%
télémainte---ce
83%
fi---ciarisation
67%
déconte---cer
58%
désapprovision---t
50%
réordon---cer
50%
Aucun quiz correspondant
Distribution des résultats
% des personnes avec chaque résultat
Percentile par nombre de réponses
Votre historique - résultats
Vous n’avez pas pris ce quiz